00457nam a2200181Ia 450000100060000000800410000602000180004704000130006508200160007810000220009424500470011625000080016326000500017130000160022154600070023765000130024470000180025727355140414s9999 xx 000 0 und d a0-13-660135-9 cPK-LaUMT a 515bBRA-C aGerald L. Bradley aCalculuscGerald L. Bradley<>Karl J. Smith a2nd aUpper Saddle River,USA:bPrentice Hall,c1999 a1070+106 p. aEN aCalculus aKarl J. Smith